Kinh tế Việt Nam hội nhập và phát triển = Vietnam economy integration and development

Đã lưu trong:
Sonraí Bibleagrafaíochta
Príomhúdar: Trường ĐHKT Tp. HCM
Formáid: Leabhar
Teanga:Undetermined
Foilsithe: Tp. HCM Tp. HCM 2001
Ábhair:
Clibeanna: Cuir Clib Leis
Gan Chlibeanna, Bí ar an gcéad duine leis an taifead seo a chlibeáil!
Thư viện lưu trữ: Trung tâm Học liệu Trường Đại học Cần Thơ
LEADER 00616nam a2200193Ia 4500
001 CTU_53540
008 210402s9999 xx 000 0 und d
020 |b 250000 
082 |a 330.9597 
082 |b Tr561 
100 |a Trường ĐHKT Tp. HCM 
245 0 |a Kinh tế Việt Nam hội nhập và phát triển = Vietnam economy integration and development 
245 0 |c Trường ĐHKT Tp. HCM 
260 |a Tp. HCM 
260 |b Tp. HCM 
260 |c 2001 
650 |a vietnam 
650 |x economic conditions,developing countries 
980 |a Trung tâm Học liệu Trường Đại học Cần Thơ